000 00721nam a2200217 a 4500
999 _c11160
_d11160
001 11160
003 BD-JhCC
005 20211116134022.0
008 190604b 2014bg a|||| ||a| 000 0 ben d
020 _a9789844071285
035 _a(BD-JhCC)11160
040 _aBD-JhCC
_dBD-JhCC
041 _aben
082 _bCHO 2014
_a891.4435
245 _aছোটদের সেরা হাসির গল্প /
_cসম্পাদনায়: এহসান চৌধরী ।
260 _aঢাকা:
_bঅনির্বাণ;
_c২০১৪.
300 _a২০১৬ পৃঃ . :
_bill;
_c২৬ সেমি.
650 _aComic story
700 _aচৌধরী, এহসান
942 _2ddc
_cBK
_03